[Event "59th ch-RUS 1st League"]
[Site "Tomsk RUS"]
[Date "2006.09.11"]
[Round "9"]
[White "Timofeev,Arty"]
[Black "Grigoriants,S RUS"]
[Result "0-1"]
[WhiteElo "2657"]
[BlackElo "2579"]
[EventDate "2006.09.03"]

1. e4 c6 2. d4 d5 3. f3 e6 4. Nc3 b6 5. Bf4 Nf6 6. Nge2 Ba6 7. Qd2 Be7 8.
g4 O-O 9. g5 Nfd7 10. h4 b5 11. Nd1 Nb6 12. Ne3 N8d7 13. Bh3 b4 14. b3 Bb7
15. e5 c5 16. Ng4 Ba6 17. h5 Bxe2 18. Kxe2 cxd4 19. g6 f5 20. exf6 Bxf6 21.
h6 d3+ 22. cxd3 Bxa1 23. Rxa1 hxg6 24. hxg7 Kxg7 25. Bh6+ Kg8 26. Qxb4 Rc8
27. Bxf8 Nxf8 28. Qd4 Qg5 29. Ne3 Rc7 30. Rh1 e5 31. Qg4 Qf6 32. Kf2 Rc3
33. Bf1 d4 34. Nc4 Rc2+ 35. Kg3 Nd5 36. Qh4 Qf4+ 37. Qxf4 exf4+ 38. Kh4 Kg7
39. Bh3 Kf6 40. Nd6 Nh7 41. Ne4+ Kg7 42. Ng5 Nhf6 43. Ne6+ Kh6 44. Bg4 Rxa2
45. Nxd4 Nb4 46. Ne6 Nxd3 47. Ng5 Rg2 48. Nf7+ Kg7 49. Bh3 Rg3 50. Ng5 Ne5
51. Ne6+ Kh6 52. Nxf4 Rxf3 53. Ne6 g5+ 0-1

[Event "59th ch-RUS 1st League"]
[Site "Tomsk RUS"]
[Date "2006.09.11"]
[Round "9"]
[White "Lastin,A"]
[Black "Landa,K"]
[Result "1/2-1/2"]
[WhiteElo "2613"]
[BlackElo "2584"]
[EventDate "2006.09.03"]

1. e4 c6 2. d4 d5 3. e5 c5 4. dxc5 Nc6 5. Nf3 Bg4 6. c3 e6 7. b4 Nge7 8.
Nbd2 g6 9. Bb5 Bg7 10. h3 Bxf3 11. Nxf3 O-O 12. Bf4 Qc7 13. Qe2 a5 14. Rb1
axb4 15. cxb4 d4 16. a4 Nd5 17. Bd2 Nxe5 18. Nxe5 Bxe5 19. O-O Nc3 20. Bxc3
dxc3 21. Rbd1 Rad8 22. a5 Rd4 23. Rxd4 Bxd4 24. Bd3 Rd8 25. Be4 f5 26. Bc2
e5 27. Ra1 Kg7 28. a6 Ra8 29. Qb5 Rxa6 30. Rxa6 bxa6 31. Qxa6 e4 32. Qe6
Bxf2+ 33. Kxf2 Qf4+ 34. Kg1 Qc1+ 35. Kh2 Qf4+ 36. Kh1 Qf1+ 37. Kh2 Qf4+
1/2-1/2

[Event "59th ch-RUS 1st League"]
[Site "Tomsk RUS"]
[Date "2006.09.11"]
[Round "9"]
[White "Yudin,S"]
[Black "Volkov,S1"]
[Result "0-1"]
[WhiteElo "2475"]
[BlackElo "2628"]
[EventDate "2006.09.03"]

1. e4 e6 2. d4 d5 3. Nd2 Nf6 4. Bd3 c5 5. e5 Nfd7 6. c3 Nc6 7. Ne2 cxd4 8.
cxd4 f6 9. exf6 Qxf6 10. Nf3 h6 11. O-O Bd6 12. Ng3 O-O 13. Bc2 Rf7 14. Nh5
Qe7 15. Bg6 Rf8 16. Re1 Rd8 17. Bc2 Qf7 18. Ng3 a6 19. a3 Nf8 20. Qd3 Bd7
21. Bd2 Be8 22. Rac1 Rac8 23. Bb1 Bb8 24. b4 Qf6 25. Qe3 Ba7 26. Bc3 Rc7
27. b5 axb5 28. Ba5 b6 29. Bb4 Bb8 30. Bd3 Nxb4 31. axb4 Rxc1 32. Qxc1 Bd6
33. Qd2 Ra8 34. Qe2 Bxb4 35. Rb1 Bc3 36. Bxb5 Bxd4 37. Bxe8 Rxe8 38. Qb5
Rb8 39. Nh5 Qf7 40. Nxd4 Qxh5 41. Nc6 Rb7 42. Nd8 Rc7 43. Qxb6 Qe5 44. h3
Rc8 45. Nb7 Ng6 46. g3 Nf8 47. h4 Nd7 48. Qb4 Rb8 49. Qe7 Nf6 50. Rc1 Re8
51. Qc7 Qb2 52. Rc2 Qb3 53. Rc3 Qb4 54. Nd6 Rf8 55. Rf3 Qg4 56. Rf4 Qh3 57.
Nc8 Kh8 58. Nb6 Rg8 59. Qe5 Ng4 60. Qxe6 Nxf2 61. Qg6 Ne4 62. Nxd5 Nxg3 63.
Qg4 Qh1+ 64. Kf2 Qh2+ 65. Kf3 Ne2 66. Rf7 Ng1+ 67. Ke4 Qc2+ 68. Ke5 Qb2+
69. Ke6 Ne2 70. Qb4 Nd4+ 71. Kd6 Rd8+ 72. Kc7 Ne6+ 0-1

[Event "59th ch-RUS 1st League"]
[Site "Tomsk RUS"]
[Date "2006.09.11"]
[Round "9"]
[White "Lysyj,I"]
[Black "Korotylev,A"]
[Result "1/2-1/2"]
[WhiteElo "2547"]
[BlackElo "2613"]
[EventDate "2006.09.03"]

1. d4 d6 2. Nf3 g6 3. c4 Bg7 4. Nc3 Nf6 5. e4 O-O 6. h3 Na6 7. Bg5 c6 8.
Be2 e5 9. d5 h6 10. Be3 cxd5 11. cxd5 Nh5 12. Nh2 Nf4 13. Bf1 b5 14. g3 b4
15. Na4 Nxh3 16. Ng4 h5 17. Bxh3 hxg4 18. Bxg4 Bd7 19. b3 Nc7 20. Bxd7 Qxd7
21. g4 Rfc8 22. Qf3 Ne8 23. Kd2 Nf6 24. Rhg1 Rc7 25. g5 Nh5 26. Rgc1 Rac8
27. Rxc7 Rxc7 28. Rc1 Rxc1 29. Kxc1 Bf8 30. Nb2 Be7 31. Kc2 Qd8 32. Nc4 Qc8
33. Kb1 Qc7 34. Qg4 Kg7 35. Kb2 Bd8 36. f3 Be7 37. Bd2 a5 38. Kc2 Bd8 39.
Kb1 Kh7 40. Be3 Kg7 41. Kc2 Kh7 42. Bd2 Kg7 43. Kb2 Be7 44. Be3 Bd8 45. Kc2
Kg8 46. Kd3 Kg7 47. Qg1 Qd7 48. Qg4 Qc7 49. Ke2 Kg8 50. Kd2 Kg7 51. Kd3 Kg8
52. f4 Nxf4+ 53. Bxf4 exf4 54. Qxf4 Be7 55. e5 dxe5 56. Qxe5 Qd8 57. d6
Bxg5 58. Nxa5 Bf6 59. Qd5 Qc8 60. d7 Qc3+ 61. Ke2 Qc2+ 62. Kf3 Qc3+ 63. Ke2
Qc2+ 64. Kf3 Qc3+ 65. Kg4 Kg7 66. d8=Q Bxd8 67. Qxd8 Qe3 68. Qc7 Qe4+ 69.
Kg3 1/2-1/2

[Event "59th ch-RUS 1st League"]
[Site "Tomsk RUS"]
[Date "2006.09.11"]
[Round "9"]
[White "Belov,Vl"]
[Black "Yemelin,V"]
[Result "1/2-1/2"]
[WhiteElo "2598"]
[BlackElo "2516"]
[EventDate "2006.09.03"]

1. e4 e5 2. Nf3 Nc6 3. Bb5 Nf6 4. O-O Nxe4 5. d4 Nd6 6. Bxc6 dxc6 7. dxe5
Nf5 8. Qxd8+ Kxd8 9. Nc3 Be7 10. h3 Nh4 11. Nxh4 Bxh4 12. Ne4 Bf5 13. Re1
h5 14. Bg5+ Bxg5 15. Nxg5 Ke7 16. Re2 a5 17. Rd1 Rhd8 18. Red2 Rxd2 19.
Rxd2 a4 20. a3 Ra5 21. f4 Rc5 22. c3 Rc4 23. g3 f6 24. exf6+ gxf6 25. Re2+
Kd7 26. Rd2+ Ke7 27. Re2+ Kd7 1/2-1/2

[Event "59th ch-RUS 1st League"]
[Site "Tomsk RUS"]
[Date "2006.09.11"]
[Round "9"]
[White "Popov,Val"]
[Black "Kabanov,N"]
[Result "1-0"]
[WhiteElo "2578"]
[BlackElo "2514"]
[EventDate "2006.09.03"]

1. d4 Nf6 2. c4 a6 3. Nf3 b5 4. Nc3 b4 5. Nd5 Nxd5 6. cxd5 e6 7. dxe6 dxe6
8. e4 Bb7 9. Bd3 c5 10. Bg5 Be7 11. Bxe7 Qxe7 12. Rc1 Nd7 13. O-O O-O 14.
d5 exd5 15. exd5 Qd6 16. Qc2 Nf6 17. Rfd1 Rac8 18. Bc4 Rfe8 19. Rd2 Re4 20.
h3 h6 21. a3 Kf8 22. Bd3 Rf4 23. axb4 Rxb4 24. Bc4 Qf4 25. b3 Rd8 26. Ne1
Rb6 27. Rcd1 Qe4 28. Qa2 Qf5 29. Nc2 Ne4 30. Ne3 Qf6 31. Ng4 Qf4 32. Rd3
Rg6 33. Qa5 Re8 34. f3 Nd6 35. Qd2 Qxd2 36. R3xd2 f5 37. Nf2 Re3 38. Nd3
Rxf3 39. Ne5 Rfg3 40. Nxg6+ Rxg6 41. Kh2 h5 42. Be2 h4 43. Rc2 Rg3 44. Bf3
g5 45. Rf1 Ke7 46. Rxc5 Kd8 47. Re1 g4 48. hxg4 fxg4 49. Bd1 Nf5 50. Bc2
Ne3 51. Be4 Kd7 52. Rc6 Nxd5 53. Rh6 Rxb3 54. Rd1 Rb5 55. Rh7+ Kd6 56. Rxb7
Rxb7 57. Rxd5+ Ke6 58. Rg5 g3+ 59. Kh3 Rb4 60. Bd3 1-0

[Event "59th ch-RUS 1st League"]
[Site "Tomsk RUS"]
[Date "2006.09.11"]
[Round "9"]
[White "Zvjaginsev,V"]
[Black "Belozerov,A"]
[Result "1-0"]
[WhiteElo "2675"]
[BlackElo "2518"]
[EventDate "2006.09.03"]

1. e4 c6 2. d4 d5 3. f3 dxe4 4. Be2 Nf6 5. fxe4 Nxe4 6. Nf3 Bf5 7. O-O e6
8. Nc3 Nd7 9. Bd3 Nxc3 10. bxc3 Bxd3 11. Qxd3 Be7 12. Rb1 b5 13. a4 a6 14.
c4 bxc4 15. Qxc4 c5 16. d5 Nb6 17. Qg4 Nxd5 18. Qxg7 Bf6 19. Qh6 Rb8 20.
Rxb8 Qxb8 21. c4 1-0

[Event "59th ch-RUS 1st League"]
[Site "Tomsk RUS"]
[Date "2006.09.11"]
[Round "9"]
[White "Nechepurenko,R"]
[Black "Smirnov,P"]
[Result "0-1"]
[WhiteElo "2463"]
[BlackElo "2613"]
[EventDate "2006.09.03"]

1. c4 c5 2. g3 g6 3. Bg2 Bg7 4. Nf3 Nc6 5. O-O e5 6. Nc3 d6 7. Ne1 Nge7 8.
Nc2 O-O 9. Ne3 Rb8 10. d3 Be6 11. Ned5 f5 12. Bg5 h6 13. Nxe7+ Nxe7 14.
Bxe7 Qxe7 15. Rb1 Kh7 16. Qd2 f4 17. b4 h5 18. bxc5 dxc5 19. Ne4 b6 20. a4
Bh6 21. Qb2 Bf5 22. a5 fxg3 23. hxg3 h4 24. axb6 axb6 25. Qa3 hxg3 26. Nxg3
Bf4 27. Qa6 Bxg3 28. fxg3 Qg5 29. Rf3 e4 30. Qa7+ Kh6 31. Kf2 e3+ 32. Kg1
Bxd3 33. Rbf1 Rxf3 34. Rxf3 Re8 35. g4 Qe7 36. g5+ Kxg5 37. Rg3+ Kh6 38.
Rh3+ Kg7 39. Qa1+ Qe5 40. Qa7+ Re7 41. Qa8 Re8 42. Qa7+ Kf6 43. Rh7 Kg5 0-1

[Event "59th ch-RUS 1st League"]
[Site "Tomsk RUS"]
[Date "2006.09.11"]
[Round "9"]
[White "Amonatov,F"]
[Black "Chuprov,D"]
[Result "0-1"]
[WhiteElo "2542"]
[BlackElo "2527"]
[EventDate "2006.09.03"]

1. e4 c5 2. Nf3 Nc6 3. d4 cxd4 4. Nxd4 e5 5. Nb5 a6 6. N5c3 Nf6 7. Bc4 d6
8. Bg5 Be7 9. O-O O-O 10. Bxf6 Bxf6 11. Nd5 Bg5 12. Nd2 Be6 13. a4 Rc8 14.
Ba2 Bh6 15. c3 Ne7 16. Nf3 Kh8 17. Nxe7 Qxe7 18. Qd3 Bxa2 19. Rxa2 f5 20.
Re1 fxe4 21. Rxe4 Qe6 22. Ra1 Qg6 23. Rd1 Rce8 24. h3 Re6 25. Nh2 Bg5 26.
Rg4 Qxd3 27. Rxd3 e4 28. Rd1 h6 29. Nf1 Rf5 30. h4 Be7 31. Ne3 Rfe5 32. Rd4
b5 33. axb5 axb5 34. Rf4 Kg8 35. Rf5 Bxh4 36. Rxe5 Rxe5 37. Rxd6 Bg5 38.
Ng4 Rc5 39. Rd4 Bc1 40. Rb4 Kf7 41. Ne3 Bxe3 42. fxe3 Re5 43. c4 bxc4 44.
Rxc4 Kf6 45. b4 Kf5 46. Kf2 Kg4 47. Rc5 Re8 48. Rc4 g5 49. b5 Rf8+ 50. Ke2
Kg3 51. Rxe4 Kxg2 52. b6 Rf2+ 53. Kd3 Rb2 54. Re6 h5 55. Re5 g4 56. Rxh5
Rxb6 57. e4 g3 58. e5 Rg6 59. Ke3 Kg1 60. Rh4 g2 61. Ra4 Kh2 62. Ra1 Ra6
63. Re1 Ra4 64. Kf2 Rf4+ 65. Ke3 Rf1 66. Re2 Kg3 67. Rxg2+ Kxg2 68. Ke4 Kg3
69. e6 Kg4 70. Ke5 Kg5 71. Kd4 0-1

[Event "59th ch-RUS 1st League"]
[Site "Tomsk RUS"]
[Date "2006.09.11"]
[Round "9"]
[White "Shomoev,A"]
[Black "Chebotarev,O"]
[Result "0-1"]
[WhiteElo "2528"]
[BlackElo "2505"]
[EventDate "2006.09.03"]

1. e4 e6 2. d4 d5 3. Nc3 Nf6 4. e5 Nfd7 5. f4 c5 6. Nf3 Nc6 7. Be3 cxd4 8.
Nxd4 Bc5 9. Qd2 O-O 10. O-O-O a6 11. Qf2 Qe7 12. g3 Nxd4 13. Bxd4 b5 14.
Bd3 b4 15. Ne2 a5 16. Rhe1 Ba6 17. f5 Rfc8 18. fxe6 fxe6 19. Nf4 a4 20. Kb1
b3 21. cxb3 axb3 22. axb3 Bxd4 23. Qxd4 Nc5 24. Bxa6 Rxa6 25. Re3 Qb7 26.
Rc1 Qa7 27. Ne2 Ra1+ 28. Kc2 Rxc1+ 0-1

[Event "59th ch-RUS 1st League"]
[Site "Tomsk RUS"]
[Date "2006.09.11"]
[Round "9"]
[White "Yevseev,D"]
[Black "Kharitonov,Alexandr"]
[Result "1-0"]
[WhiteElo "2572"]
[BlackElo "2514"]
[EventDate "2006.09.03"]

1. e4 e5 2. Nf3 Nc6 3. Bb5 a6 4. Ba4 Nf6 5. O-O Be7 6. Re1 b5 7. Bb3 O-O 8.
d4 d6 9. c3 Bg4 10. d5 Na5 11. Bc2 c6 12. dxc6 Qc7 13. h3 Bc8 14. Nbd2 Qxc6
15. Nf1 Nc4 16. Ng3 Re8 17. a4 Bb7 18. Qe2 Bf8 19. Bg5 d5 20. axb5 axb5 21.
Rxa8 Bxa8 22. Bxf6 Qxf6 23. exd5 Qd6 24. b3 Na3 25. c4 Qb4 26. Bxh7+ Kxh7
27. Ng5+ Kg8 28. Qh5 Qxe1+ 29. Kh2 1-0

[Event "59th ch-RUS 1st League"]
[Site "Tomsk RUS"]
[Date "2006.09.11"]
[Round "9"]
[White "Zakhartsov,V"]
[Black "Anisimov,P"]
[Result "1/2-1/2"]
[WhiteElo "2548"]
[BlackElo "2515"]
[EventDate "2006.09.03"]

1. e4 c5 2. Nf3 d6 3. d4 cxd4 4. Nxd4 Nf6 5. Nc3 a6 6. Be2 e5 7. Nb3 Be7 8.
O-O O-O 9. Kh1 Nc6 10. f3 b5 11. Be3 Na5 12. Nxa5 Qxa5 13. Qd2 Qc7 14. a4
b4 15. Nd5 Nxd5 16. exd5 Qa5 17. Rfc1 Bf5 1/2-1/2

[Event "59th ch-RUS 1st League"]
[Site "Tomsk RUS"]
[Date "2006.09.11"]
[Round "9"]
[White "Shaposhnikov,E"]
[Black "Shabanov,Y"]
[Result "1-0"]
[WhiteElo "2547"]
[BlackElo "2443"]
[EventDate "2006.09.03"]

1. e4 c5 2. Nf3 Nc6 3. Bb5 g6 4. O-O Bg7 5. Re1 Nf6 6. c3 O-O 7. h3 e5 8.
d4 cxd4 9. cxd4 exd4 10. e5 Nd5 11. Bg5 Qc7 12. Qb3 Nb6 13. Nbd2 d5 14.
Rac1 Be6 15. Bxc6 bxc6 16. Nxd4 c5 17. Qa3 Rfc8 18. Nb5 Qc6 19. Nd6 Rc7 20.
Qg3 Nd7 21. f4 h6 22. Bh4 c4 23. Nf3 Qb6+ 24. Kh2 Rc6 25. b3 c3 26. Be7 a5
27. Red1 Rc7 28. Bh4 a4 29. Rd3 axb3 30. axb3 c2 31. Nd4 Nc5 32. Rc3 Ne4
33. Nxe4 Rxc3 34. Qxc3 dxe4 35. Nxe6 Qxe6 36. Qxc2 g5 37. Qxe4 Re8 38. fxg5
hxg5 39. Bg3 f5 40. Qf3 g4 1-0

[Event "59th ch-RUS 1st League"]
[Site "Tomsk RUS"]
[Date "2006.09.11"]
[Round "9"]
[White "Arzhenkov,G"]
[Black "Gochelashvili,D"]
[Result "1-0"]
[WhiteElo "2371"]
[BlackElo "2448"]
[EventDate "2006.09.03"]

1. d4 Nf6 2. c4 g6 3. Nc3 Bg7 4. e4 d6 5. Bd3 O-O 6. Nge2 Nbd7 7. f3 c5 8.
Be3 cxd4 9. Nxd4 Nc5 10. Be2 Ne6 11. Qd2 Nxd4 12. Bxd4 Be6 13. O-O Qa5 14.
Rad1 Rfc8 15. b3 a6 16. f4 b5 17. f5 Bd7 18. fxg6 hxg6 19. Bxf6 Bxf6 20.
Nd5 Qxd2 21. Nxf6+ exf6 22. Rxd2 Kg7 23. Rxd6 Be6 24. Rc1 bxc4 25. bxc4 Rc5
26. Kf2 Rac8 27. Ke3 Rg5 28. g3 Ra5 29. Rc2 Kf8 30. c5 Ra3+ 31. Kf2 a5 32.
Rdd2 Ke7 33. c6 Rc7 34. Bb5 f5 35. exf5 Bxf5 36. Rc4 Be6 37. Ra4 Rc3 38.
Rxa5 Rc5 39. a4 R7xc6 40. Bxc6 Rxa5 41. Bb5 Bb3 42. Rd4 Ke6 43. Ke3 Ke5 44.
Kd3 Bd5 45. Kc3 f5 46. Rd2 g5 47. Kb4 Ra8 48. a5 f4 49. gxf4+ gxf4 50. a6
f3 51. h4 Rh8 52. Kc5 Be4 53. a7 Rh7 54. Rd7 Rxd7 55. Bxd7 f2 56. Bb5 Kf4
57. Kd4 Bh1 58. h5 Kg5 59. Ke3 1-0

[Event "59th ch-RUS 1st League"]
[Site "Tomsk RUS"]
[Date "2006.09.11"]
[Round "9"]
[White "Karalkin,M"]
[Black "Tsigelnitskiy,I"]
[Result "1/2-1/2"]
[WhiteElo "2332"]
[BlackElo "2404"]
[EventDate "2006.09.03"]

1. e4 c5 2. Nc3 e6 3. g3 d5 4. d3 Nc6 5. Bg2 Nf6 6. f4 Be7 7. e5 Nd7 8. Nf3
O-O 9. O-O Rb8 10. Kh1 b5 11. a3 f6 12. exf6 Nxf6 13. d4 Ne4 14. Nxe4 dxe4
15. Ne5 Bb7 16. Nxc6 Bxc6 17. dxc5 Bxc5 18. Qe1 Qd5 19. Be3 Bxe3 20. Qxe3
e5 21. f5 Qd4 22. Rae1 Qxb2 23. f6 Rxf6 24. Rxf6 gxf6 25. Qc5 Ba8 26. Rd1
Rf8 27. h4 Qa2 28. Rd7 Qe6 29. Qxa7 Qg4 30. Kh2 f5 31. Bh3 Qg6 32. Qc7 e3
33. Qxe5 Re8 34. Re7 Rxe7 35. Qxe7 Qc6 36. Qg5+ Kh8 37. Qd8+ Kg7 38. Qg5+
Kh8 1/2-1/2